Fr. Conceicao Rodrigues College of Engineering

CORBA Reference guide (Record no. 23407)

MARC details
000 -LEADER
fixed length control field 00292nam a2200145Ia 4500
082 ## - DEWEY DECIMAL CLASSIFICATION NUMBER
Classification number 5.133
Item number POP
100 ## - MAIN ENTRY--PERSONAL NAME
Personal name Pope/ Alan
245 ## - TITLE STATEMENT
Title CORBA Reference guide
260 ## - PUBLICATION, DISTRIBUTION, ETC.
Name of publisher, distributor, etc. Addison Wesly
Date of publication, distribution, etc. 1998
300 ## - PHYSICAL DESCRIPTION
Extent 407
546 ## - LANGUAGE NOTE
Language note ENGLISH
654 ## - SUBJECT ADDED ENTRY--FACETED TOPICAL TERMS
Focus term computer
942 ## - ADDED ENTRY ELEMENTS (KOHA)
Koha item type BOOK
Holdings
Withdrawn status Lost status Damaged status Not for loan Collection Home library Current library Date acquired Total Checkouts Full call number Barcode Date last seen Price effective from Koha item type
        CRC Fr. Agnel's C.Rodrigues College of Engineering Fr. Agnel's C.Rodrigues College of Engineering 17/03/2023   5.133 POP 11235 17/03/2023 17/03/2023 BOOK